[Event "CMA Futurity ABCD"]
[Site "Montreal CAN"]
[Date "2017.04.15"]
[Round "3"]
[White "Leveille, Francois"]
[Black "Lopez Linares, Lizandro"]
[Result "1/2-1/2"]
[WhiteElo "2261"]
[BlackElo "2114"]
[WhiteFideId "-1"]
[WhiteFideId "-1"]
[PlyCount "68"]
[GameId "2160767908412042"]
[EventDate "2017.04.14"]
[EventType "swiss"]
[EventRounds "5"]
[EventCountry "CAN"]
[SourceTitle "EXT 2022"]
[Source "ChessBase"]
[SourceDate "2021.10.06"]
[SourceVersion "1"]
[SourceVersionDate "2021.10.06"]
[SourceQuality "1"]

1. e4 d5 2. exd5 Qxd5 3. Nf3 Bg4 4. Be2 Nc6 5. d4 e5 6. c4 Bb4+ 7. Bd2 Qa5 8. d5 Bxf3 9. Bxf3 Nd4 10. Nc3 Ne7 11. O-O O-O 12. a3 Bxc3 13. Bxc3 Qb6 14. Re1 Nxf3+ 15. Qxf3 f6 16. b4 Qd6 17. b5 Qd7 18. a4 Rfd8 19. Qe4 Ng6 20. g3 Re8 21. Rad1 f5 22. Qe2 Rad8 23. Qh5 a6 24. Rd2 axb5 25. axb5 Ra8 26. Rde2 e4 27. f3 Ra3 28. Bb2 Rb3 29. fxe4 fxe4 30. Bd4 Rb4 31. Rc2 Rb3 32. Kg2 c6 33. bxc6 bxc6 34. Rce2 cxd5 1/2-1/2

[Event "CMA Futurity ABCD"]
[Site "Montreal CAN"]
[Date "2017.04.15"]
[Round "3"]
[White "Ouellet, Maili-Jade"]
[Black "Broday, Gabriel Renan"]
[Result "1/2-1/2"]
[WhiteElo "1986"]
[BlackElo "2074"]
[WhiteFideId "-1"]
[WhiteFideId "-1"]
[PlyCount "81"]
[GameId "2160767908412045"]
[EventDate "2017.04.14"]
[EventType "swiss"]
[EventRounds "5"]
[EventCountry "CAN"]
[SourceTitle "EXT 2022"]
[Source "ChessBase"]
[SourceDate "2021.10.06"]
[SourceVersion "1"]
[SourceVersionDate "2021.10.06"]
[SourceQuality "1"]

1. d4 d5 2. c4 c6 3. Nf3 Nf6 4. Nc3 e6 5. Bg5 Nbd7 6. e3 Be7 7. Qc2 h6 8. Bh4 O-O 9. Rd1 b6 10. Bd3 Bb7 11. O-O Rc8 12. h3 c5 13. cxd5 Nxd5 14. Bxe7 Qxe7 15. Nxd5 Bxd5 16. Qe2 cxd4 17. e4 Bb7 18. Nxd4 Rfd8 19. Rfe1 Nc5 20. Bc2 g6 21. Qg4 Nd3 22. Rxd3 Rxc2 23. Red1 Rcc8 24. e5 Rd5 25. Qf4 Kg7 26. Qg3 Rcd8 27. f4 Kh7 28. Kh2 R8d7 29. Qf2 Qd8 30. R3d2 Qe7 31. Nb5 Rxd2 32. Rxd2 Rxd2 33. Qxd2 Bd5 34. a3 Kg7 35. Nd6 Qd7 36. Ne4 Qa4 37. Nd6 Qa6 38. Kg1 Qa4 39. Kh2 Qa6 40. Kg1 Qa4 41. Kh2 1/2-1/2

[Event "CMA Futurity ABCD"]
[Site "Montreal CAN"]
[Date "2017.04.15"]
[Round "3"]
[White "Robichaud, Louis"]
[Black "Abbas, Talal"]
[Result "1/2-1/2"]
[WhiteElo "2039"]
[BlackElo "1945"]
[WhiteFideId "-1"]
[WhiteFideId "-1"]
[PlyCount "145"]
[GameId "2160767908412046"]
[EventDate "2017.04.14"]
[EventType "swiss"]
[EventRounds "5"]
[EventCountry "CAN"]
[SourceTitle "EXT 2022"]
[Source "ChessBase"]
[SourceDate "2021.10.06"]
[SourceVersion "1"]
[SourceVersionDate "2021.10.06"]
[SourceQuality "1"]

1. e4 c5 2. d3 Nc6 3. g3 d6 4. Bg2 Nf6 5. Nc3 e5 6. Nge2 Be7 7. O-O Bg4 8. h3 Bh5 9. g4 Bg6 10. f4 exf4 11. Nxf4 Nd4 12. Ncd5 Nxd5 13. Nxd5 Qd7 14. c3 Ne6 15. b4 h5 16. Rb1 hxg4 17. hxg4 Ng5 18. Bxg5 Bxg5 19. bxc5 dxc5 20. Bf3 Kf8 21. Kg2 Qd6 22. Rh1 Bh4 23. Rh3 Rh6 24. Rxb7 Rd8 25. Qd2 Qa6 26. Rb1 f6 27. c4 Bg5 28. Qe2 Rxh3 29. Kxh3 Kf7 30. e5 Rh8+ 31. Kg2 fxe5 32. Nc3 Bf4 33. Bd5+ Kf6 34. Rh1 Rxh1 35. Kxh1 Qc8 36. Be4 Bxe4+ 37. Nxe4+ Kg6 38. Nd6 Qa8+ 39. Qe4+ Qxe4+ 40. Nxe4 Be3 41. Kg2 Kf7 42. Kf3 Bd4 43. Nd6+ Kg6 44. Nc8 a6 45. Ne7+ Kf6 46. Nd5+ Kg5 47. Nc7 a5 48. a4 Bc3 49. Ne6+ Kf6 50. Nxc5 Bb4 51. Nd7+ Ke6 52. Nb6 Kd6 53. Ke4 g6 54. Nd5 Be1 55. Ne3 Bg3 56. d4 exd4 57. Kxd4 Bf2 58. Kd3 Kc5 59. Nd5 Bh4 60. Kc3 Be1+ 61. Kb3 g5 62. Nf6 Bh4 63. Nd7+ Kc6 64. Ne5+ Kc5 65. Nf3 Kd6 66. Nd2 Kc5 67. Ne4+ Kd4 68. Nf6 Be1 69. Nd7 Bb4 70. Nb6 Be1 71. Nd5 Kc5 72. Nc3 Bh4 73. Ne4+ 1/2-1/2

[Event "CMA Futurity ABCD"]
[Site "Montreal CAN"]
[Date "2017.04.15"]
[Round "3"]
[White "Tsypin, Allison"]
[Black "O'Connor, Michael"]
[Result "0-1"]
[WhiteElo "1299"]
[BlackElo "1713"]
[WhiteFideId "-1"]
[WhiteFideId "-1"]
[PlyCount "85"]
[GameId "2160767908412047"]
[EventDate "2017.04.14"]
[EventType "swiss"]
[EventRounds "5"]
[EventCountry "CAN"]
[SourceTitle "EXT 2022"]
[Source "ChessBase"]
[SourceDate "2021.10.06"]
[SourceVersion "1"]
[SourceVersionDate "2021.10.06"]
[SourceQuality "1"]

1. e4 c5 2. Nf3 Nc6 3. d4 cxd4 4. Nxd4 Nf6 5. Nc3 e5 6. Nf3 Bb4 7. Bg5 Bxc3+ 8. bxc3 Qa5 9. Bd3 Qxc3+ 10. Bd2 Qc5 11. O-O O-O 12. Rb1 a6 13. a4 h6 14. h3 d5 15. exd5 Qxd5 16. Qe2 e4 17. Bxe4 Qxe4 18. Qd1 Qxa4 19. Re1 b5 20. Be3 Bf5 21. Rc1 Rad8 22. Qe2 Rfe8 23. Red1 Rxd1+ 24. Qxd1 Rd8 25. Qe2 Qc4 26. Qxc4 bxc4 27. c3 Bd3 28. Ra1 a5 29. Nd4 Nxd4 30. Bxd4 Ra8 31. Ra4 Ne4 32. f3 Nd2 33. Kf2 Nb3 34. Ke1 Re8+ 35. Kd1 Re2 36. g3 Rh2 37. Ke1 Rxh3 38. Kf2 Rh2+ 39. Ke3 Re2+ 40. Kf4 g5+ 41. Kg4 Rh2 42. f4 f5+ 43. Kf3 0-1

[Event "CMA Futurity ABCD"]
[Site "Montreal CAN"]
[Date "2017.04.15"]
[Round "3"]
[White "Turcotte, Jonathan"]
[Black "Forget, Luc"]
[Result "1-0"]
[WhiteElo "1970"]
[BlackElo "1968"]
[WhiteFideId "-1"]
[WhiteFideId "-1"]
[PlyCount "107"]
[GameId "2160767908412048"]
[EventDate "2017.04.14"]
[EventType "swiss"]
[EventRounds "5"]
[EventCountry "CAN"]
[SourceTitle "EXT 2022"]
[Source "ChessBase"]
[SourceDate "2021.10.06"]
[SourceVersion "1"]
[SourceVersionDate "2021.10.06"]
[SourceQuality "1"]

1. d4 Nf6 2. c4 e6 3. Nf3 b6 4. g3 Bb4+ 5. Bd2 Be7 6. Nc3 Bb7 7. Bg2 d5 8. cxd5 exd5 9. O-O O-O 10. Rc1 h6 11. a3 c5 12. Bf4 Nc6 13. dxc5 bxc5 14. Ne5 g5 15. Nxc6 Bxc6 16. Bd2 Qb6 17. h4 Ne4 18. Nxe4 dxe4 19. hxg5 hxg5 20. Qc2 Rac8 21. Bxe4 Bxe4 22. Qxe4 Bf6 23. Rc2 Rfe8 24. Qf5 Qe6 25. Qxe6 Rxe6 26. Be3 a6 27. Rfc1 Rb8 28. Bxc5 Rxb2 29. Rxb2 Bxb2 30. Rc2 Bf6 31. Be3 Kg7 32. Kg2 Be7 33. Bd4+ Kg6 34. a4 Rd6 35. e3 Re6 36. g4 a5 37. Rc8 f6 38. Ra8 Bb4 39. Rb8 Rc6 40. Rb6 Rd6 41. Rxd6 Bxd6 42. Kf3 f5 43. gxf5+ Kxf5 44. e4+ Kg6 45. e5 Bb4 46. Ke4 Be7 47. Bc3 Bc5 48. f3 Bb6 49. e6 Bc7 50. Be5 Bd8 51. Bd6 Bb6 52. Ke5 Kg7 53. Kf5 Be3 54. Be7 1-0

[Event "CMA Futurity ABCD"]
[Site "Montreal CAN"]
[Date "2017.04.15"]
[Round "3"]
[White "Zhong, Kevin"]
[Black "Tsanaclis, Albert"]
[Result "1-0"]
[WhiteElo "1575"]
[BlackElo "1662"]
[WhiteFideId "-1"]
[WhiteFideId "-1"]
[PlyCount "135"]
[GameId "2160767908412049"]
[EventDate "2017.04.14"]
[EventType "swiss"]
[EventRounds "5"]
[EventCountry "CAN"]
[SourceTitle "EXT 2022"]
[Source "ChessBase"]
[SourceDate "2021.10.06"]
[SourceVersion "1"]
[SourceVersionDate "2021.10.06"]
[SourceQuality "1"]

1. e4 c5 2. Ne2 Nc6 3. Nbc3 e5 4. g3 g6 5. Bg2 Bg7 6. O-O Nge7 7. d3 d6 8. Be3 O-O 9. f4 Rb8 10. h3 b5 11. f5 gxf5 12. exf5 f6 13. g4 b4 14. Nd5 Bb7 15. g5 Nxd5 16. Bxd5+ Kh8 17. g6 Ne7 18. Bxb7 Rxb7 19. Ng3 Nxg6 20. fxg6 hxg6 21. h4 Qc8 22. Kg2 Kh7 23. h5 Rh8 24. Rh1 f5 25. hxg6+ Kxg6 26. Rxh8 Qxh8 27. Qf3 Rf7 28. Rh1 Qg8 29. Nh5 Rd7 30. Qg3+ Kf7 31. Bh6 Bh8 32. Qxg8+ Kxg8 33. Bg5 Kf7 34. Ng3 Kg6 35. Rxh8 Kxg5 36. Rh5+ Kg4 37. Rxf5 Rg7 38. Rf1 Kh4 39. Rh1+ Kg4 40. Rg1 Kf4 41. Kf2 Rf7 42. Ke2 Rh7 43. Rh1 Rd7 44. Ne4 Kf5 45. Rh6 d5 46. Rf6+ Kg4 47. Nf2+ Kg5 48. Rc6 c4 49. dxc4 Kf5 50. cxd5 Rxd5 51. Rc4 a5 52. Nd3 e4 53. Nf2 Ke6 54. Nxe4 Re5 55. Kd3 Rh5 56. Rc6+ Ke7 57. Ra6 Kd8 58. Rc6 Rf5 59. Rc5 Rf3+ 60. Ke2 Rf4 61. Ke3 Rh4 62. Rxa5 Kc7 63. Rb5 Rh3+ 64. Kd4 Rh2 65. Kd3 Rh3+ 66. Kd4 Rh2 67. Rxb4 Rxc2 68. Rc4+ 1-0

[Event "CMA Futurity ABCD"]
[Site "Montreal CAN"]
[Date "2017.04.16"]
[Round "4"]
[White "Abbas, Talal"]
[Black "Forget, Luc"]
[Result "0-1"]
[WhiteElo "1945"]
[BlackElo "1968"]
[WhiteFideId "-1"]
[WhiteFideId "-1"]
[PlyCount "64"]
[GameId "2160767908412050"]
[EventDate "2017.04.14"]
[EventType "swiss"]
[EventRounds "5"]
[EventCountry "CAN"]
[SourceTitle "EXT 2022"]
[Source "ChessBase"]
[SourceDate "2021.10.06"]
[SourceVersion "1"]
[SourceVersionDate "2021.10.06"]
[SourceQuality "1"]

1. c4 c5 2. Nc3 Nf6 3. g3 d5 4. cxd5 Nxd5 5. Bg2 Nc7 6. d3 e5 7. Nf3 Nc6 8. O-O Be7 9. Be3 Bd7 10. Rc1 O-O 11. Qd2 f6 12. Ne1 Rc8 13. Nd5 b6 14. Nxe7+ Qxe7 15. f4 Rfe8 16. Rf2 Nd4 17. fxe5 Qxe5 18. Bxd4 Qxd4 19. Rc4 Qd6 20. Qf4 Qxf4 21. Rcxf4 Ne6 22. Bd5 Bc6 23. Bxe6+ Rxe6 24. Nc2 Rce8 25. e3 Kf7 26. b4 cxb4 27. Rxb4 Bb7 28. Rff4 Rc8 29. Rbc4 Rcc6 30. Rxc6 Rxc6 31. Nb4 Rc5 32. Rh4 a5 0-1

[Event "CMA Futurity ABCD"]
[Site "Montreal CAN"]
[Date "2017.04.16"]
[Round "4"]
[White "Barko, Maxim"]
[Black "Zheng, Richard"]
[Result "0-1"]
[WhiteElo "1860"]
[BlackElo "1870"]
[WhiteFideId "-1"]
[WhiteFideId "-1"]
[PlyCount "94"]
[GameId "2160767908412051"]
[EventDate "2017.04.14"]
[EventType "swiss"]
[EventRounds "5"]
[EventCountry "CAN"]
[SourceTitle "EXT 2022"]
[Source "ChessBase"]
[SourceDate "2021.10.06"]
[SourceVersion "1"]
[SourceVersionDate "2021.10.06"]
[SourceQuality "1"]

1. d4 Nf6 2. Nf3 d5 3. e3 Bf5 4. c4 e6 5. Nc3 Nbd7 6. Qb3 dxc4 7. Bxc4 b6 8. O-O Be7 9. Re1 Be4 10. Ng5 Bb7 11. Bxe6 fxe6 12. Nxe6 Qc8 13. Nxg7+ Kf8 14. Ne6+ Ke8 15. e4 Nf8 16. Ng7+ Kd8 17. Qf7 Ng6 18. Bg5 Rf8 19. Ne6+ Kd7 20. Nxf8+ Qxf8 21. Qxf8 Rxf8 22. f4 Nxf4 23. Bxf4 Nxe4 24. Be5 Ng5 25. h4 Ne6 26. g3 Bd6 27. Rf1 Rg8 28. Kh2 Nxd4 29. Bxd4 Rxg3 30. Rf7+ Ke8 31. Rf2 Rg2+ 32. Kh3 Rg3+ 33. Kh2 Rxc3+ 34. Kg1 Rg3+ 35. Kf1 Ba6+ 36. Re2+ Bxe2+ 37. Kxe2 Rg4 38. Bf2 h5 39. Re1 Bg3 40. Rg1 Be5 41. Rxg4 hxg4 42. b3 Kf7 43. Ke3 Kg6 44. Ke4 Bd6 45. a4 a5 46. Be1 Kh5 47. Kf5 g3 0-1

[Event "CMA Futurity ABCD"]
[Site "Montreal CAN"]
[Date "2017.04.16"]
[Round "4"]
[White "Blanchette, Rene"]
[Black "Morin, Maxime"]
[Result "0-1"]
[WhiteElo "1712"]
[BlackElo "1737"]
[WhiteFideId "-1"]
[WhiteFideId "-1"]
[PlyCount "90"]
[GameId "2160767908412052"]
[EventDate "2017.04.14"]
[EventType "swiss"]
[EventRounds "5"]
[EventCountry "CAN"]
[SourceTitle "EXT 2022"]
[Source "ChessBase"]
[SourceDate "2021.10.06"]
[SourceVersion "1"]
[SourceVersionDate "2021.10.06"]
[SourceQuality "1"]

1. e4 c5 2. Nf3 g6 3. d4 cxd4 4. Nxd4 Bg7 5. Nc3 Nc6 6. Be3 Nf6 7. Bc4 Qa5 8. O-O O-O 9. Bb3 d6 10. h3 Bd7 11. Qd2 Nxd4 12. Bxd4 Bc6 13. Rad1 Nd7 14. Nd5 Qd8 15. Bxg7 Kxg7 16. Qd4+ Kg8 17. f4 Nc5 18. f5 Nxb3 19. axb3 Bxd5 20. Qxd5 Qc7 21. c3 Rac8 22. b4 Qc6 23. f6 Rfe8 24. fxe7 Rxe7 25. Rf6 Qxd5 26. Rxd5 Rce8 27. Rfxd6 Rxe4 28. Rd7 R8e7 29. Rxe7 Rxe7 30. Kf2 f5 31. c4 b6 32. c5 Rc7 33. Ke3 Kf7 34. Kd4 Ke7 35. Rd6 bxc5+ 36. bxc5 Rb7 37. Kc3 a5 38. Rb6 Rxb6 39. cxb6 Kd6 40. Kc4 Kc6 41. b7 Kxb7 42. Kb5 g5 43. Kc5 g4 44. hxg4 fxg4 45. Kd5 Kb6 0-1

[Event "CMA Futurity ABCD"]
[Site "Montreal CAN"]
[Date "2017.04.16"]
[Round "4"]
[White "Broday, Gabriel Renan"]
[Black "Turcotte, Jonathan"]
[Result "1/2-1/2"]
[WhiteElo "2074"]
[BlackElo "1970"]
[WhiteFideId "-1"]
[WhiteFideId "-1"]
[PlyCount "30"]
[GameId "2160767908412053"]
[EventDate "2017.04.14"]
[EventType "swiss"]
[EventRounds "5"]
[EventCountry "CAN"]
[SourceTitle "EXT 2022"]
[Source "ChessBase"]
[SourceDate "2021.10.06"]
[SourceVersion "1"]
[SourceVersionDate "2021.10.06"]
[SourceQuality "1"]

1. e4 c6 2. d4 d5 3. Nd2 dxe4 4. Nxe4 Bf5 5. Ng3 Bg6 6. Nh3 Nf6 7. Nf4 e5 8. Nxg6 hxg6 9. Be3 Nbd7 10. c3 Nd5 11. Bc4 N7b6 12. Bb3 Bd6 13. Qf3 Qe7 14. O-O-O Nxe3 15. Qxe3 exd4 1/2-1/2

[Event "CMA Futurity ABCD"]
[Site "Montreal CAN"]
[Date "2017.04.16"]
[Round "4"]
[White "Gauthier, Denis"]
[Black "Kay, Sang Kill"]
[Result "1-0"]
[WhiteElo "1858"]
[BlackElo "1623"]
[WhiteFideId "-1"]
[WhiteFideId "-1"]
[PlyCount "99"]
[GameId "2160767908412055"]
[EventDate "2017.04.14"]
[EventType "swiss"]
[EventRounds "5"]
[EventCountry "CAN"]
[SourceTitle "EXT 2022"]
[Source "ChessBase"]
[SourceDate "2021.10.06"]
[SourceVersion "1"]
[SourceVersionDate "2021.10.06"]
[SourceQuality "1"]

1. d4 g6 2. c4 Bg7 3. Nc3 a6 4. Nf3 d6 5. e4 Nf6 6. a4 Bg4 7. h3 Bxf3 8. Qxf3 e5 9. dxe5 dxe5 10. Bg5 h6 11. Rd1 Nbd7 12. Be3 Qe7 13. Bd3 O-O 14. O-O Rad8 15. Qe2 Nc5 16. Bc2 Ne6 17. Nd5 Nxd5 18. exd5 Nc5 19. b4 Nd7 20. c5 f5 21. d6 cxd6 22. Rxd6 f4 23. Bc1 Rf6 24. Rfd1 Rxd6 25. Rxd6 Nf8 26. Qc4+ Kh8 27. Bb3 Nd7 28. Qd5 Bf6 29. Bb2 Kg7 30. Qxb7 Nxc5 31. Qxe7+ Bxe7 32. Rxd8 Nxb3 33. Bxe5+ Kf7 34. Rb8 Nc1 35. b5 axb5 36. Rxb5 Nd3 37. Bd4 Bb4 38. a5 Bxa5 39. Rxa5 Nc1 40. Kf1 Nb3 41. Ra7+ Ke6 42. Bc3 Nc5 43. Ke2 h5 44. Bd4 Ne4 45. Ra5 Nd6 46. Ra6 Kd5 47. Rxd6+ Kxd6 48. Kf3 Ke6 49. Kxf4 Kf7 50. Kg5 1-0

[Event "CMA Futurity ABCD"]
[Site "Montreal CAN"]
[Date "2017.04.16"]
[Round "4"]
[White "Gauthier, Luc"]
[Black "Nesterov, Timour"]
[Result "0-1"]
[WhiteElo "1576"]
[BlackElo "1858"]
[WhiteFideId "-1"]
[WhiteFideId "-1"]
[PlyCount "110"]
[GameId "2160767908412056"]
[EventDate "2017.04.14"]
[EventType "swiss"]
[EventRounds "5"]
[EventCountry "CAN"]
[SourceTitle "EXT 2022"]
[Source "ChessBase"]
[SourceDate "2021.10.06"]
[SourceVersion "1"]
[SourceVersionDate "2021.10.06"]
[SourceQuality "1"]

1. e4 e6 2. d4 d5 3. e5 c5 4. c3 Nc6 5. Nf3 Bd7 6. Bd3 cxd4 7. cxd4 Qb6 8. O-O Nxd4 9. Nbd2 Nxf3+ 10. Nxf3 Bb5 11. Be3 Bc5 12. Bxc5 Qxc5 13. Rc1 Qb6 14. Bxb5+ Qxb5 15. Rc7 Nh6 16. Nd4 Qa6 17. Qb3 O-O 18. Rxb7 Rac8 19. Rd1 Ng4 20. Qb4 Rc4 21. Qb5 Qxa2 22. Rb8 g6 23. Nc6 Qa4 24. Qxa4 Rxa4 25. Rxf8+ Kxf8 26. h3 Rc4 27. Nxa7 Nxe5 28. Kf1 Rb4 29. Rb1 Nc4 30. Ke2 Rxb2+ 31. Rxb2 Nxb2 32. Nc6 Nc4 33. f4 Kg7 34. g4 h5 35. g5 Kf8 36. Kd3 Ke8 37. Kd4 Kd7 38. Nb4 Kd6 39. Nd3 Nd2 40. Ne5 Ke7 41. Ke3 Nc4+ 42. Nxc4 dxc4 43. Kd4 f6 44. Kxc4 fxg5 45. fxg5 Kd6 46. Kd4 e5+ 47. Ke4 Ke6 48. h4 Kd6 49. Ke3 Kd5 50. Kd3 e4+ 51. Ke3 Ke5 52. Ke2 Kf4 53. Kf2 Kg4 54. Ke3 Kxh4 55. Kf4 e3 0-1

[Event "CMA Futurity ABCD"]
[Site "Montreal CAN"]
[Date "2017.04.16"]
[Round "4"]
[White "Goler, Isil"]
[Black "Desmarais, Serge"]
[Result "1/2-1/2"]
[WhiteElo "1818"]
[BlackElo "1680"]
[WhiteFideId "-1"]
[WhiteFideId "-1"]
[PlyCount "90"]
[GameId "2160767908412057"]
[EventDate "2017.04.14"]
[EventType "swiss"]
[EventRounds "5"]
[EventCountry "CAN"]
[SourceTitle "EXT 2022"]
[Source "ChessBase"]
[SourceDate "2021.10.06"]
[SourceVersion "1"]
[SourceVersionDate "2021.10.06"]
[SourceQuality "1"]

1. d4 Nf6 2. c4 g6 3. Nc3 d5 4. Bf4 c6 5. e3 Bg7 6. Bd3 O-O 7. Nf3 Bg4 8. h3 Bxf3 9. Qxf3 dxc4 10. Bxc4 e6 11. Bg5 h6 12. Bh4 Nbd7 13. O-O Qa5 14. a3 Qh5 15. Qxh5 Nxh5 16. Be7 Rfe8 17. Bd6 Nb6 18. Be2 Nf6 19. Rac1 a5 20. Rfd1 a4 21. Bc5 Nfd7 22. Bd6 f5 23. Bd3 Nd5 24. Bc4 Nxc3 25. Rxc3 Nb6 26. Bd3 Nd5 27. Rc4 Red8 28. Bh2 Ne7 29. Bc7 Rd7 30. Bg3 b5 31. Rc2 Rad8 32. Rc5 Kf7 33. Be2 Rd5 34. Rdc1 Rxc5 35. Rxc5 Ke8 36. Bc7 Rc8 37. Bd6 Bf6 38. Bf3 Kd7 39. Bg3 Nd5 40. Kf1 Be7 41. Rc2 Bf6 42. Ke1 Bg7 43. Kd2 Bf6 44. Rc5 Be7 45. Rc2 Bf6 1/2-1/2

[Event "CMA Futurity ABCD"]
[Site "Montreal CAN"]
[Date "2017.04.16"]
[Round "4"]
[White "Leveille, Francois"]
[Black "Masse, Hugues"]
[Result "1-0"]
[WhiteElo "2261"]
[BlackElo "2157"]
[WhiteFideId "-1"]
[WhiteFideId "-1"]
[PlyCount "39"]
[GameId "2160767908412058"]
[EventDate "2017.04.14"]
[EventType "swiss"]
[EventRounds "5"]
[EventCountry "CAN"]
[SourceTitle "EXT 2022"]
[Source "ChessBase"]
[SourceDate "2021.10.06"]
[SourceVersion "1"]
[SourceVersionDate "2021.10.06"]
[SourceQuality "1"]

1. e4 e6 2. d4 d5 3. Nc3 Nf6 4. Bg5 Bb4 5. e5 h6 6. Bc1 Ne4 7. Qg4 g6 8. a3 Bxc3+ 9. bxc3 c5 10. Ne2 Qa5 11. f3 Nxc3 12. Bd2 cxd4 13. Nxd4 Qc7 14. Qf4 Nd7 15. a4 Nxe5 16. Qe3 Nc4 17. Bxc4 Qxc4 18. Bxc3 O-O 19. Ne2 Bd7 20. Qxh6 1-0

[Event "CMA Futurity ABCD"]
[Site "Montreal CAN"]
[Date "2017.04.16"]
[Round "4"]
[White "Lopez Linares, Lizandro"]
[Black "Tomb, Maroun"]
[Result "0-1"]
[WhiteElo "2114"]
[BlackElo "2133"]
[WhiteFideId "-1"]
[WhiteFideId "-1"]
[PlyCount "226"]
[GameId "2160767908412059"]
[EventDate "2017.04.14"]
[EventType "swiss"]
[EventRounds "5"]
[EventCountry "CAN"]
[SourceTitle "EXT 2022"]
[Source "ChessBase"]
[SourceDate "2021.10.06"]
[SourceVersion "1"]
[SourceVersionDate "2021.10.06"]
[SourceQuality "1"]

1. d4 Nf6 2. Nf3 e6 3. c4 b6 4. a3 Bb7 5. Nc3 d5 6. Bg5 Be7 7. e3 Nbd7 8. Rc1 O-O 9. cxd5 exd5 10. Bd3 Ne4 11. Bf4 c5 12. h3 Rc8 13. O-O a6 14. dxc5 Ndxc5 15. Be5 Re8 16. Bb1 b5 17. Ba2 Bf6 18. Qd4 Rxe5 19. Nxe5 Ne6 20. Qd3 Bxe5 21. Nxe4 dxe4 22. Qb3 h6 23. Rfd1 Rxc1 24. Rxc1 Qf6 25. a4 Nc7 26. axb5 Nxb5 27. Rc2 Qe7 28. Rd2 Bc7 29. Qc4 h5 30. Bb3 g6 31. Kf1 Kg7 32. Ba4 Be5 33. Ke2 h4 34. Kd1 Kh6 35. Bb3 f5 36. Qg8 Bf6 37. Be6 Bc6 38. Bf7 Bg7 39. Be6 Be8 40. Bb3 Nc7 41. Qc4 Bf6 42. Qg8 Bb5 43. Kc1 Bd3 44. Bc2 Bxc2 45. Rxc2 Ne6 46. Qc8 Qb4 47. Kd1 Qb3 48. Qxa6 Bxb2 49. Qc4 Qxc4 50. Rxc4 Kg5 51. Ke2 Bf6 52. Rc6 Nd8 53. Rb6 Nf7 54. Rb5 Be5 55. Ra5 Bd6 56. Rb5 Kf6 57. Rb6 Ke6 58. Ra6 g5 59. Ra8 Be7 60. Rg8 Ne5 61. Re8 Kf7 62. Ra8 Bf6 63. Ra7+ Kg6 64. Ra6 g4 65. Re6 Kg5 66. Re8 gxh3 67. gxh3 Nf3 68. Rc8 Kh6 69. Kf1 Kh7 70. Ra8 Kg6 71. Rg8+ Kf7 72. Ra8 Be5 73. Ra6 Ke7 74. Kg2 Bd6 75. Ra5 Ke6 76. Ra6 Kd5 77. Ra5+ Bc5 78. Ra8 Ne1+ 79. Kf1 Nd3 80. Rh8 Be7 81. Re8 Ke6 82. Ke2 Kf7 83. Ra8 Kg6 84. Rg8+ Kh6 85. Rh8+ Kg7 86. Ra8 Bc5 87. Re8 Bb4 88. Rb8 Be1 89. f3 Bg3 90. Rb7+ Kf6 91. Rb6+ Ke7 92. Rb7+ Ke6 93. Rb6+ Kf7 94. Rb7+ Kg6 95. Rb6+ Kg5 96. Rb1 Nf2 97. Rb5 Nxh3 98. fxe4 Kg4 99. exf5 Ng1+ 100. Kf1 Nf3 101. Kg2 h3+ 102. Kh1 Be5 103. Rb1 Nd2 104. Rd1 Ne4 105. Rg1+ Kf3 106. Rf1+ Ke2 107. Rf4 Bxf4 108. exf4 Kf3 109. Kh2 Kg4 110. f6 Nxf6 111. f5 Kh4 112. Kh1 Kg3 113. Kg1 h2+ 0-1

[Event "CMA Futurity ABCD"]
[Site "Montreal CAN"]
[Date "2017.04.16"]
[Round "4"]
[White "O'Connor, Michael"]
[Black "Yergeau, Simon"]
[Result "1-0"]
[WhiteElo "1713"]
[BlackElo "1646"]
[WhiteFideId "-1"]
[WhiteFideId "-1"]
[PlyCount "61"]
[GameId "2160767908412060"]
[EventDate "2017.04.14"]
[EventType "swiss"]
[EventRounds "5"]
[EventCountry "CAN"]
[SourceTitle "EXT 2022"]
[Source "ChessBase"]
[SourceDate "2021.10.06"]
[SourceVersion "1"]
[SourceVersionDate "2021.10.06"]
[SourceQuality "1"]

1. d4 d5 2. c4 c6 3. Nf3 Nf6 4. Nc3 dxc4 5. a4 Bf5 6. e3 e6 7. Bxc4 Bb4 8. O-O O-O 9. Qb3 a5 10. Na2 Qe7 11. Nxb4 Qxb4 12. Qxb4 axb4 13. Bd2 Na6 14. Rfc1 h6 15. Ne5 Rfd8 16. f3 Bh7 17. Bxa6 Rxa6 18. Bxb4 Nd5 19. Bd2 Ne7 20. Bb4 Nd5 21. Bd2 Ne7 22. Kf2 f6 23. Nc4 Bd3 24. Na5 b5 25. Nb7 Rda8 26. Nc5 R6a7 27. Nxd3 Rxa4 28. Rxa4 Rxa4 29. Nb4 Nd5 30. Nxd5 cxd5 31. Rc5 1-0

[Event "CMA Futurity ABCD"]
[Site "Montreal CAN"]
[Date "2017.04.16"]
[Round "4"]
[White "Robichaud, Louis"]
[Black "Ouellet, Maili-Jade"]
[Result "1/2-1/2"]
[WhiteElo "2039"]
[BlackElo "1986"]
[WhiteFideId "-1"]
[WhiteFideId "-1"]
[PlyCount "73"]
[GameId "2160767908412061"]
[EventDate "2017.04.14"]
[EventType "swiss"]
[EventRounds "5"]
[EventCountry "CAN"]
[SourceTitle "EXT 2022"]
[Source "ChessBase"]
[SourceDate "2021.10.06"]
[SourceVersion "1"]
[SourceVersionDate "2021.10.06"]
[SourceQuality "1"]

1. e4 c5 2. d3 e6 3. g3 Nc6 4. f4 g6 5. Nf3 Bg7 6. Bg2 Nge7 7. O-O O-O 8. c3 d5 9. Be3 b6 10. Na3 Ba6 11. Re1 Rc8 12. Bf2 Qc7 13. e5 h5 14. h3 Bh6 15. Nc2 Rfd8 16. Rc1 Qd7 17. d4 cxd4 18. cxd4 Rc7 19. Qd2 Rdc8 20. b3 Na5 21. Nb4 Bb5 22. g4 hxg4 23. hxg4 Nec6 24. Nxc6 Rxc6 25. g5 Bg7 26. Nh2 Rxc1 27. Rxc1 Rxc1+ 28. Qxc1 Bd3 29. Ng4 Bf5 30. Nf6+ Bxf6 31. gxf6 Qc6 32. Qa3 Qc2 33. Qe7 Qd1+ 34. Bf1 Qg4+ 35. Bg2 Qd1+ 36. Bf1 Qg4+ 37. Bg2 1/2-1/2

[Event "CMA Futurity ABCD"]
[Site "Montreal CAN"]
[Date "2017.04.16"]
[Round "4"]
[White "Tsukerman, Julia"]
[Black "Tsanaclis, Albert"]
[Result "0-1"]
[WhiteElo "1396"]
[BlackElo "1662"]
[WhiteFideId "-1"]
[WhiteFideId "-1"]
[PlyCount "62"]
[GameId "2160767908412062"]
[EventDate "2017.04.14"]
[EventType "swiss"]
[EventRounds "5"]
[EventCountry "CAN"]
[SourceTitle "EXT 2022"]
[Source "ChessBase"]
[SourceDate "2021.10.06"]
[SourceVersion "1"]
[SourceVersionDate "2021.10.06"]
[SourceQuality "1"]

1. e4 c5 2. Nf3 Nc6 3. d4 cxd4 4. Nxd4 g6 5. c4 Nf6 6. Nc3 Bg7 7. Be3 d6 8. Be2 O-O 9. O-O Ne5 10. h3 Bd7 11. f4 Nc6 12. Nf3 Nh5 13. Qe1 Re8 14. g4 Bxc3 15. Qxc3 Ng3 16. Bd3 Nxf1 17. Rxf1 Qa5 18. Qxa5 Nxa5 19. f5 Kg7 20. Bd4+ f6 21. g5 Nc6 22. Bc3 Rac8 23. fxg6 hxg6 24. Kg2 Rh8 25. h4 Bg4 26. Kg3 Bxf3 27. Rxf3 Ne5 28. gxf6+ exf6 29. Bxe5 dxe5 30. Kg4 Rc7 31. b3 Kf7 0-1